000 00331 a2200157 4500
001 59643
020 _a9783785563205
040 _cAnchieta - Pituba
100 _aDonelly, Joe
240 1 0 _aJack Flint
_lpor
245 1 0 _aJack Flint
300 _a431
362 0 _a2008
650 4 _aLiteratura juvenil em alemão
942 _cBK
999 _c59643
_d59643